Convergencia con Europa y cambio en la universidad / (Record no. 148148)
[ view plain ]
| 000 -CABECERA | |
|---|---|
| campo de control de longitud fija | 00814nam a2200229 a 4500 |
| 005 - FECHA Y HORA DE LA ÚLTIMA TRANSACCIÓN | |
| campo de control | 20240925065534.0 |
| 008 - ELEMENTOS DE LONGITUD FIJA--INFORMACIÓN GENERAL | |
| campo de control de longitud fija | 100521s2006 es r 000 0 spa d |
| 020 ## - NÚMERO INTERNACIONAL NORMALIZADO PARA LIBROS | |
| Número Internacional Estándar del Libro | 8496147770 |
| 035 ## - NÚMERO DE CONTROL DEL SISTEMA | |
| Número de control de sistema | UPN01000176045 |
| 049 ## - COLECCIÓN | |
| Colección | CG |
| 050 #4 - SIGNATURA TOPOGRÁFICA DE LA BIBLIOTECA DEL CONGRESO | |
| Número de clasificación | LC191.2 |
| Número de documento/Ítem | C6.6 |
| 111 2# - ASIENTO PRINCIPAL--NOMBRE DE REUNION | |
| Nombre de congreso/reunión o jurisdicción como elemento de entrada | Conferencia de Sociología de la Educación |
| Número del congreso/reunión o número de parte o sección | (11a : |
| Fecha del congreso/reunión | 2006 : |
| Sede del congreso/Lugar de la reunión | Santander, Esp.) |
| 245 10 - MENCIÓN DE TÍTULO | |
| Título | Convergencia con Europa y cambio en la universidad / |
| Mención de responsabilidad, etc. | coord. Marta García Lastra. |
| 260 ## - PUBLICACIÓN, DISTRIBUCIÓN, ETC. | |
| Lugar de publicación, distribución, etc. | Valencia, Esp. : |
| Nombre del editor, distribuidor, etc. | Germania, |
| Fecha de publicación, distribución, etc. | 2006. |
| 300 ## - DESCRIPCIÓN FÍSICA | |
| Extensión | 249 p. : + |
| Material acompañante/anejo | 1 CD-ROM ; 4 3/4 plg. |
| 440 #0 - MENCIÓN DE SERIE/ASIENTO SECUNDARIO--TÍTULO | |
| Título | Polis paideia ; |
| Designación de volumen o secuencia | 9 |
| 500 ## - NOTA GENERAL | |
| Nota general | El CD-ROM solicitarlo en el mostrador de préstamos |
| 650 #4 - ASIENTO SECUNDARIO DE MATERIA - TERMINO TEMATICO | |
| Término de materia o nombre geográfico como elemento de entrada | Educación superior |
| Subdivisión geográfica | Europa |
| 9 (RLIN) | 12717 |
| 650 #4 - ASIENTO SECUNDARIO DE MATERIA - TERMINO TEMATICO | |
| Término de materia o nombre geográfico como elemento de entrada | Sociología de la educación |
| 9 (RLIN) | 4896 |
| 700 1# - ASIENTO SECUNDARIO--NOMBRE DE PERSONAL | |
| Nombre de persona | García Lastra, Marta, |
| Término indicativo de función/relación | coord. |
| 905 ## - TIPO DE MATERIAL | |
| Tipo de material | Libro |
| Estado de retiro | Estado de pérdida | Fuente del sistema de clasificación o colocación | Estado dañado | No para préstamo | Código de colección | Localización permanente | Ubicación/localización actual | Ubicación en estantería | Total de préstamos | Clasificación | Código de barras | Fecha visto por última vez | Número de copia | Tipo de ítem Koha | Fecha de adquisición | Precio válido a partir de | Nota pública |
|---|---|---|---|---|---|---|---|---|---|---|---|---|---|---|---|---|---|
| Library of Congress Classification | Colección General | Bib. Gregorio Torres Quintero | Bib. Gregorio Torres Quintero | Planta baja | 1 | LC191.2 C6.6 | 274429 | 31/12/2020 | 1 | Libro | |||||||
| Library of Congress Classification | Materiales complementarios y otros recursos electrónicos | Bib. Gregorio Torres Quintero | Bib. Gregorio Torres Quintero | Mostrador de préstamo Planta baja | LC191.2 C6.6 | 339547 | 09/08/2024 | Disco Compacto | 09/08/2024 | 09/08/2024 | Solicítalo en el mostrador de préstamo |
